The Metropolitan Tabernacle pulpit : (Record no. 7376)

MARC details
000 -LEADER
fixed length control field 01359cam a2200325Ia 4500
001 - CONTROL NUMBER
control field 13904
003 - CONTROL NUMBER IDENTIFIER
control field GBCCL
005 - DATE AND TIME OF LATEST TRANSACTION
control field 20241126110626.0
008 - FIXED-LENGTH DATA ELEMENTS--GENERAL INFORMATION
fixed length control field 800508m19691980txua 00010 eng d
035 ## - SYSTEM CONTROL NUMBER
System control number OCM06295030
040 ## - CATALOGING SOURCE
Original cataloging agency NTM
Transcribing agency NTM
Modifying agency m.c.
-- OCL
-- LBB
049 ## -
-- LBBK
082 ## - DEWEY DECIMAL CLASSIFICATION NUMBER
Classification number 252.06
Item number SPU
090 ## - LOCALLY ASSIGNED LC-TYPE CALL NUMBER (OCLC); LOCAL CALL NUMBER (RLIN)
Classification number (OCLC) (R) ; Classification number, CALL (RLIN) (NR) BX6333.S6
Local cutter number (OCLC) ; Book number/undivided call number, CALL (RLIN) M47
092 ## - LOCALLY ASSIGNED DEWEY CALL NUMBER (OCLC)
Item number S772xb, 1969
Edition number 20
100 10 - MAIN ENTRY--PERSONAL NAME
Personal name Spurgeon, C. H.
Fuller form of name (Charles Haddon),
Dates associated with a name 1834-1892.
9 (RLIN) 222
245 14 - TITLE STATEMENT
Title The Metropolitan Tabernacle pulpit :
Remainder of title containing sermons preached and revised /
Statement of responsibility, etc. by C. H. Spurgeon.
260 0# - PUBLICATION, DISTRIBUTION, ETC.
Place of publication, distribution, etc. Pasadena, Tex. :
Name of publisher, distributor, etc. Pilgrim Publications,
Date of publication, distribution, etc. 1969-1980.
300 ## - PHYSICAL DESCRIPTION
Extent v. 7-62/63 :
Other physical details ill. ;
Dimensions 23 cm.
350 ## - PRICE (NR) (BK AM CF MU VM SE) [OBSOLETE]
Price 25/- per vol.
500 ## - GENERAL NOTE
General note Reprint of volumes first published by Passmore and Alabaster.
500 ## - GENERAL NOTE
General note Volume 7 has title: The New Park Street and Metropolitan Tabernacle pulpit containing sermons preached and revised by the Rev. C. H. Spurgeon.
500 ## - GENERAL NOTE
General note Beginning with volume 38, title is: The Metropolitan pulpit containing sermons preached by C. H. Spurgeon, revised and published during the year ....
505 0# - FORMATTED CONTENTS NOTE
Formatted contents note v. 7. 1861--[ ... through] v. 62/63 1916-1917.
650 #0 - SUBJECT ADDED ENTRY--TOPICAL TERM
Topical term or geographic name entry element Baptists
General subdivision Sermons.
9 (RLIN) 1091
650 #0 - SUBJECT ADDED ENTRY--TOPICAL TERM
Topical term or geographic name entry element Sermons, English.
9 (RLIN) 1092
730 02 -
-- New Park Street pulpit.
-- 13044
870 19 - VARIANT PERSONAL NAME (SE) [OBSOLETE]
Tag and sequence number 100/1
Personal name Spurgeon, Charles Haddon,
Dates associated with a name 1834-1892.
942 ## - ADDED ENTRY ELEMENTS (KOHA)
Source of classification or shelving scheme Dewey Decimal Classification
Koha item type Books
Holdings
Withdrawn status Lost status Source of classification or shelving scheme Damaged status Not for loan Home library Current Library Shelving location Date acquired Total checkouts Full call number Barcode Date last seen Copy number Price effective from Koha item type
    Dewey Decimal Classification     GRACE BIBLE COLLEGE GRACE BIBLE COLLEGE Ministry & Mission 2018-08-02   252.06 SPU 003004 2025-05-01 v.30 2018-08-02 Books
© Grace Bible College Library 2025